00270nam a2200109Ia 4500008004100000020001800041082000800059100002400067245001900091260003000110300002000140250813s9999 xx 000 0 und d a9789389567182 aSHA aWilliam Shakespeare 0aAs you like it aIndiabPrakash Bookc2019 a167 P. ; 15 cm.